OECD development co-operation peer reviews: Japan 2014

Salvato in:
Dettagli Bibliografici
Natura: Libro
Lingua:inglese
Pubblicazione: Paris OECD 2014
Serie:OECD development co-operation peer reviews
Soggetti:
Tags: Aggiungi Tag
Nessun Tag, puoi essere il primo ad aggiungerne!!

MARC

LEADER 00000nam a2200000 4500
001 0196827
005 20240315121007.3
020 |a 978-92-64-21814-7 
041 0 |a eng 
044 |a FR 
245 1 0 |a OECD development co-operation peer reviews: Japan 2014 
264 1 |a Paris  |b OECD  |c 2014 
300 |a 108 s. 
490 1 |a OECD development co-operation peer reviews 
830 0 |a OECD development co-operation peer reviews 
610 2 0 |a situácia hospodárska 
610 2 0 |a rozvoj hospodársky 
610 2 0 |a spolupráca medzinárodná 
610 2 0 |a politika zahraničná 
610 2 0 |a bezpečnosť 
610 2 0 |a kooperácia 
610 2 0 |a zdroje ľudské 
610 2 0 |a partnerstvo sociálne 
610 2 0 |a vývoj spoločenský 
610 2 0 |a vývoj štruktúry hospodárskej 
610 2 0 |a údaje štatistické 
610 2 0 |a Japonsko